| 000 | 00000nas 2200000za 4500 |
| 001 | 9.814457 |
| 003 | CaOODSP |
| 005 | 20250403105729 |
| 007 | cr ||||||||||| |
| 008 | 160405d19821988oncar p oss f000#b0fre|d |
| 022 | |y0825-432X |
| 040 | |aCaOODSP|bfre |
| 041 | |aeng|afre |
| 043 | |an-cn--- |
| 086 | 1 |aCS85-209-PDF |
| 245 | 00|aHomicide in Canada, a statistical perspective |h[ressource électronique] = |bL'homicide au Canada, perspective statistique. |
| 246 | 10|aHomicide in Canada, an historical perspective |
| 246 | 11|aHomicide au Canada, perspective statistique |
| 246 | 13|aHomicide au Canada, perspective historique|f1976/1985 |
| 260 | |aOttawa : |bStatistics Canada, Canadian Centre for Justice Statistics, Law Enforcement Statistics Section = Statistique Canada, Centre canadien de la statistique juridique, Section de l'application de la loi, |c1984-1989. |
| 310 | |aAnnuel |
| 362 | 0 |a1982-1988. |
| 500 | |aÉdition numérisée de l’imprimé [par Statistique Canada]. |
| 500 | |aLa livr. de 1976/1985 comporte le titre : Homicide in Canada, an historical perspective. |
| 500 | |aIl est prévu que toutes les prochaines données finales sur les homicides seront publiées dans la publication Juristat (85-002). |
| 546 | |aTexte en anglais et en français. |
| 550 | |aLes livr. de 1984-1988 publiées par le Programme de l'application de la loi. |
| 692 | 07|2gccst|aHomicide |
| 710 | 2 |aCentre canadien de la statistique juridique.|bProgramme de l'application de la loi. |
| 710 | 2 |aCentre canadien de la statistique juridique.|bSection de l'application de la loi. |
| 710 | 2 |aStatistique Canada. |
| 780 | 00|tHomicide statistics |w(CaOODSP)9.814453 |
| 791 | |tHomicide in Canada, a statistical perspective |eeng|w(CaOODSP)9.814455 |